000 01084cam a2200205 4500
001 ABS66381
008 030121n2003 000 0 eng u
035 _a(Sirsi) u121089
100 _aHillson, D.
245 _aStructuring a breakdown
260 _c2003
490 _aProject
_v15(7) December 2002/January 2003, 12-14(3)
520 _aRecommends structuring work within risk management, in much the same way it can be in project management. Outlines the use of Risk Breakdown Structures (RBS), mirroring the Work Breakdown Structures which can be used. Highlights the main uses and benefits of the use of RBS as a risk identification aid, risk assessment, comparison of alternatives, risk reporting and lessons learned for future projects. Sums up that RBS has the potential to become a most valuable tool in helping the project manager to understand and manage risks in a project. Charts.
590 _aABS
650 _aRISK MANAGEMENT
650 _aRISK BREAKDOWN STRUCTURES
650 _aWORK BREAKDOWN STRUCTURES
690 _aProject management
_96261
942 _n0
999 _c71950
_d71950